Korona Europy - Statystyki

Ogólne statystyki
  • Ten quiz został rozwiązany 170 razy
  • Średni wynik to 10 z 46
Statystyki odpowiedzi
Przedział Państwo Wysokość Góra % Poprawnych
4000-5000 Francja 4808 Mount Blanc
83%
2000-3000 Polska 2499 Rysy
79%
2000-3000 Słowacja 2655 Gerlach
71%
1000-2000 Czechy 1603 Śnieżka
60%
2000-3000 Grecja 2918 Olimp
48%
2000-3000 Niemcy 2962 Zugspitze
48%
2000-3000 Słowenia 2864 Triglav
43%
1000-2000 Wielka Brytania 1345 Ben Nevis
39%
3000-4000 Austria 3798 Grossglockner
36%
2000-3000 Ukraina 2061 Howerla
36%
0-1000 Watykan 75 Wzgórze Watykańskie
36%
2000-3000 Bułgaria 2925 Musała
35%
1000-2000 Węgry 1014 Kékes
29%
4000-5000 Szwajcaria 4634 Dufourspitze
26%
3000-4000 Hiszpania 3479 Mulhacén
26%
0-1000 Litwa 294 Wysoka Góra
25%
2000-3000 Rumunia 2544 Moldoveanu
24%
2000-3000 Czarnogóra 2534 Zla Kolata
21%
1000-2000 Chorwacja 1831 Dinara
18%
0-1000 Białoruś 345 Góra Dzierżyńska
18%
1000-2000 Finlandia 1324 Halti
18%
2000-3000 Bośnia i Hercegowina 2386 Maglić
18%
0-1000 San Marino 739 Monte Titano
18%
1000-2000 Rosja 1895 Narodnaja
16%
2000-3000 Szwecja 2097 Kebnekaise
13%
1000-2000 Portugalia 1993 Torre
13%
2000-3000 Albania 2764 Golem Korab
11%
4000-5000 Włochy 4748 Mont Blanc de Courmayeur
11%
2000-3000 Norwegia 2469 Galdhøpiggen
10%
2000-3000 Serbia 2169 Midžor
10%
2000-3000 Kosowo 2658 Djeravica
9%
0-1000 Luksemburg 560 Kneiff
9%
0-1000 Belgia 694 Signal de Botrange
9%
0-1000 Holandia 322 Vaalserberg
8%
2000-3000 Islandia 2110 Öræfajökul
5%
2000-3000 Andora 2942 Pic de Coma Pedrosa
4%
0-1000 Malta 253 Ta’ Dmejrek
4%
2000-3000 Liechtenstein 2599 Vorder Grauspitz
4%
0-1000 Kazachstan 509 Jurmysz
3%
1000-2000 Irlandia 1038 Carrantuohill
1%
0-1000 Łotwa 312 Gaiziņkalns
1%
0-1000 Estonia 317 Suur Munamägi
1%
0-1000 Monako 162 Chemin des Révoires
0%
0-1000 Mołdawia 428 Dealul Bălăneşti
0%
1000-2000 Turcja 1031 Mahya Dağı
0%
0-1000 Dania 880 Slættaratindur
0%
Nie znaleziono quizów pasujących do podanych kryteriów
Rozkład punktacji
Procent ludzi z każdym wynikiem
Percentyl według liczby udzielonych odpowiedzi
Twoja historia wyników
Nie rozwiązałeś tego quizu